Fr. Conceicao Rodrigues College of Engineering

Towards executive excellence: Environment and innovative Organisation (Record no. 19793)

MARC details
000 -LEADER
fixed length control field 00320nam a2200121Ia 4500
082 ## - DEWEY DECIMAL CLASSIFICATION NUMBER
Classification number 658.409
Item number NAN
100 ## - MAIN ENTRY--PERSONAL NAME
Personal name Nanjundiah/H.N
245 ## - TITLE STATEMENT
Title Towards executive excellence: Environment and innovative Organisation
260 ## - PUBLICATION, DISTRIBUTION, ETC.
Name of publisher, distributor, etc. MMC School Of Management
Place of publication, distribution, etc. Mumbai
546 ## - LANGUAGE NOTE
Language note ENGLISH
654 ## - SUBJECT ADDED ENTRY--FACETED TOPICAL TERMS
Focus term executive
942 ## - ADDED ENTRY ELEMENTS (KOHA)
Koha item type BOOK
Holdings
Withdrawn status Lost status Damaged status Not for loan Collection Home library Current library Date acquired Total Checkouts Full call number Barcode Date last seen Price effective from Koha item type
        CRC Fr. Agnel's C.Rodrigues College of Engineering Fr. Agnel's C.Rodrigues College of Engineering 17/03/2023   658.409 NAN 12728 17/03/2023 17/03/2023 BOOK